| 000 | 00663nam a2200205Ia 4500 | ||
|---|---|---|---|
| 003 | GCL | ||
| 008 | 140319s9999 xx 000 0 ara d | ||
| 040 |
_aGCL / _cGCL |
||
| 082 | 0 | 4 |
_a377.2467 _bا ت |
| 100 | 1 | _aابوبكر عابدين بدوى | |
| 245 | 1 | 0 |
_aالتربية الصناعية بين المفهوم والواقع / _cابوبكر عابدين بدوى |
| 260 |
_a[S.N] : _bبرنت للطباعة ، _c1991 |
||
| 300 | _a473 ص | ||
| 490 | _a | ||
| 650 | 0 | 4 | _aالتعليم الصناعى |
| 650 | 0 | 4 | _aالتأهيل المهنى |
| 650 | 0 | 4 | _aالتعليم المهنى |
| 650 | 0 | 4 | _aالفنون الصناعية |
| 942 |
_2ddc _cBK |
||
| 999 |
_c53649 _d53649 |
||